[Event "Athens Siaperas Memorial 16th"]
[Site "Athens"]
[Date "2020.01.25"]
[Round "3"]
[White "Sideris, Theodoros"]
[Black "Efthimiou, Georgios"]
[Result "1-0"]
[WhiteElo "1909"]
[BlackElo "1605"]
[PlyCount "49"]
[EventDate "2020.01.11"]
[EventType "swiss"]
[EventRounds "7"]
[EventCountry "GRE"]
[SourceTitle "EXT 2021"]
[Source "ChessBase"]
[SourceDate "2020.10.23"]
[SourceVersion "1"]
[SourceVersionDate "2020.10.23"]
[SourceQuality "1"]

1. e4 c5 2. c3 Nf6 3. e5 Nd5 4. d4 cxd4 5. Nf3 Nc6 6. cxd4 e6 7. a3 d6 8. Bd3 Bd7 9. 0-0 Be7 10. Bd2 0-0 11. Nc3 Nxc3 12. Bxc3 Rc8 13. Rc1 dxe5 14. dxe5 Bg5 15. Nxg5 Qxg5 16. f4 Qd8 17. Rf3 h6 18. Rg3 Qb6+ 19. Kh1 Ne7 20. Qg4 g6 21. Qh4 Nf5 22. Bxf5 exf5 23. Qxh6 Rxc3 24. Rcxc3 Bc6 25. Rxg6+ 1-0

[Event "Athens ChessSquare New Year"]
[Site "Athens"]
[Date "2017.01.07"]
[Round "8"]
[White "Kesidis, Odyseas"]
[Black "Efthimiou, Georgios"]
[Result "0-1"]
[WhiteElo "2262"]
[BlackElo "1786"]
[PlyCount "112"]
[EventDate "2017.01.01"]
[EventType "swiss"]
[EventRounds "9"]
[EventCountry "GRE"]
[SourceTitle "EXT 2024"]
[Source "ChessBase"]
[SourceDate "2023.10.10"]
[SourceVersion "1"]
[SourceVersionDate "2023.10.10"]
[SourceQuality "1"]

1. e4 c6 2. d4 d5 3. Nd2 dxe4 4. Nxe4 Bf5 5. Ng3 Bg6 6. h4 h6 7. Nf3 Nd7 8. h5 Bh7 9. Bd3 Bxd3 10. Qxd3 e6 11. Bd2 Ngf6 12. 0-0-0 Be7 13. Ne4 Qb6 14. Kb1 Rd8 15. g4 Nxe4 16. Qxe4 Ba3 17. Bc1 Nf6 18. Qd3 Nxg4 19. Qxa3 Nxf2 20. Be3 Nxd1 21. Rxd1 Qb5 22. Rh1 Qd5 23. Bf4 Qe4 24. Be5 f6 25. Re1 Qd5 26. Bc7 Rd7 27. Bg3 Qxh5 28. Rxe6+ Kf7 29. Qe3 Rhd8 30. Be1 c5 31. a3 cxd4 32. Qe2 Qf5 33. Re4 d3 34. cxd3 Rxd3 35. Nh4 Qd7 36. Bb4 Qd5 37. Ng2 Rd1+ 38. Kc2 Rc8+ 39. Bc3 Rd2+ 40. Qxd2 Qxe4+ 41. Kc1 Re8 42. Qd7+ Re7 43. Qh3 b5 44. Qh2 Kg8 45. Nf4 Rd7 46. b3 Rc7 47. Kb2 Rd7 48. Kc1 Qf3 49. Kb2 Re7 50. Qd2 Re3 51. Qd8+ Kh7 52. Qc7 Qf2+ 53. Kb1 Rg3 54. Ne2 Rg2 55. Qd7 Qxe2 56. Qf5+ Rg6 0-1

[Event "Athens Siaperas Memorial 12th"]
[Site "Athens"]
[Date "2016.01.16"]
[Round "2"]
[White "Efthimiou, Georgios"]
[Black "Mitsis, Georgios"]
[Result "0-1"]
[WhiteElo "1824"]
[BlackElo "2130"]
[PlyCount "44"]
[EventDate "2016.01.09"]
[EventType "swiss"]
[EventRounds "7"]
[EventCountry "GRE"]
[SourceTitle "EXT 2024"]
[Source "ChessBase"]
[SourceDate "2023.10.10"]
[SourceVersion "1"]
[SourceVersionDate "2023.10.10"]
[SourceQuality "1"]

1. c4 e5 2. g3 d6 3. Bg2 f5 4. d4 exd4 5. Nf3 c5 6. 0-0 Nf6 7. Re1 Be7 8. e3 dxe3 9. Bxe3 0-0 10. Nc3 Nc6 11. Nd5 Kh8 12. Ng5 Nxd5 13. Nxh7 Nxe3 14. Rxe3 g6 15. Nxf8 Bxf8 16. Qf1 Bd7 17. Rae1 Qf6 18. b3 Rb8 19. Bd5 Nd4 20. Qh3+ Kg7 21. Rc1 Rd8 22. Bxb7 f4 0-1

[Event "Ambelokipi op 132th"]
[Site "Athens"]
[Date "2013.04.27"]
[Round "7"]
[White "Efthimiou, Georgios"]
[Black "Drakos, Konstantinos"]
[Result "0-1"]
[WhiteElo "1827"]
[BlackElo "1624"]
[PlyCount "52"]
[EventDate "2013.03.11"]
[EventType "swiss"]
[EventRounds "7"]
[EventCountry "GRE"]
[SourceTitle "EXT 2024"]
[Source "ChessBase"]
[SourceDate "2023.10.10"]
[SourceVersion "1"]
[SourceVersionDate "2023.10.10"]
[SourceQuality "1"]

1. c4 c5 2. g3 Nc6 3. Bg2 g6 4. Nc3 Bg7 5. Nf3 e6 6. 0-0 Nge7 7. d3 0-0 8. Bg5 h6 9. Bf4 d5 10. cxd5 Nxd5 11. Nxd5 exd5 12. Qd2 g5 13. Be3 d4 14. Bxg5 hxg5 15. Nxg5 Bd7 16. Be4 Bh6 17. f4 f5 18. Bd5+ Kg7 19. Bxc6 bxc6 20. Nf3 Re8 21. Rac1 Qb6 22. Rfe1 Re7 23. e3 Rxe3 24. Rb1 Rae8 25. Rxe3 Rxe3 26. Re1 Qb4 0-1

[Event "Ambelokipi op 132th"]
[Site "Athens"]
[Date "2013.04.13"]
[Round "5"]
[White "Efthimiou, Georgios"]
[Black "Ilandzis, Spyridon"]
[Result "0-1"]
[WhiteElo "1827"]
[BlackElo "2153"]
[PlyCount "66"]
[EventDate "2013.03.11"]
[EventType "swiss"]
[EventRounds "7"]
[EventCountry "GRE"]
[SourceTitle "EXT 2024"]
[Source "ChessBase"]
[SourceDate "2023.10.10"]
[SourceVersion "1"]
[SourceVersionDate "2023.10.10"]
[SourceQuality "1"]

1. c4 c5 2. g3 g6 3. Bg2 Bg7 4. e4 Nc6 5. Ne2 e6 6. Nbc3 Nge7 7. d3 0-0 8. Be3 Nd4 9. 0-0 b6 10. e5 Nxe2+ 11. Qxe2 Rb8 12. f4 Nf5 13. Bf2 d6 14. g4 Nh4 15. Bh1 dxe5 16. fxe5 Bb7 17. Bxb7 Rxb7 18. Bg3 g5 19. Bxh4 gxh4 20. Kh1 Rd7 21. Rad1 Qa8+ 22. Kg1 h3 23. Qf3 Bxe5 24. Qxa8 Rxa8 25. Rf3 Rad8 26. Rxh3 Rd4 27. Nb5 Rxg4+ 28. Kh1 Bxb2 29. Rg3 Rxg3 30. hxg3 a6 31. Nc7 Bc3 32. Rb1 Rxd3 33. Rxb6 Rd1+ 0-1

[Event "Thessaloniki op"]
[Site "Thessaloniki"]
[Date "2010.04.06"]
[Round "2"]
[White "Zakarian, David"]
[Black "Efthimiou, Georgios"]
[Result "1-0"]
[WhiteElo "2334"]
[BlackElo "1838"]
[PlyCount "49"]
[EventDate "2010.04.04"]
[EventType "swiss"]
[EventRounds "9"]
[EventCountry "GRE"]
[SourceTitle "CBM 135 Extra"]
[Source "ChessBase"]
[SourceDate "2010.05.04"]
[SourceVersion "1"]
[SourceVersionDate "2010.05.04"]
[SourceQuality "1"]

1. e4 c5 2. Nf3 Nc6 3. Bb5 Nd4 4. Nxd4 cxd4 5. 0-0 a6 6. Bc4 b5 7. Bb3 Bb7 8. d3 d5 9. Nd2 dxe4 10. Nxe4 Bd5 11. c4 dxc3 12. bxc3 Bxe4 13. dxe4 Qxd1 14. Rxd1 Rc8 15. c4 Nf6 16. cxb5 axb5 17. e5 Ne4 18. e6 f6 19. Bb2 g6 20. Rac1 Nd6 21. Rxc8+ Nxc8 22. a4 Nd6 23. axb5 Bh6 24. g3 0-0 25. Rxd6 1-0

[Event "Athens Smaok op 4th"]
[Site "Athens"]
[Date "2010.02.16"]
[Round "6"]
[White "Efthimiou, Georgios"]
[Black "Sideris, Theodoros"]
[Result "0-1"]
[WhiteElo "1825"]
[BlackElo "2024"]
[PlyCount "86"]
[EventDate "2010.01.12"]
[EventType "swiss"]
[EventRounds "7"]
[EventCountry "GRE"]
[SourceTitle "EXT 2011"]
[Source "ChessBase"]
[SourceDate "2010.11.26"]
[SourceVersion "1"]
[SourceVersionDate "2010.11.26"]
[SourceQuality "1"]

1. d4 Nf6 2. c4 c5 3. d5 b5 4. cxb5 a6 5. bxa6 Bxa6 6. Nc3 g6 7. e4 Bxf1 8. Kxf1 d6 9. g3 Bg7 10. Kg2 0-0 11. Nf3 Nbd7 12. h3 Qb6 13. Re1 Ne8 14. Qc2 Nc7 15. Rb1 Rfb8 16. Bg5 Kf8 17. Nd2 Nb5 18. Nxb5 Qxb5 19. b3 Qa6 20. a4 Ne5 21. f4 Nd3 22. Re3 Nb4 23. Qc4 Qxc4 24. Nxc4 Nc2 25. Rd3 Rxa4 26. bxa4 Rxb1 27. Rd2 Rc1 28. Nb6 Bd4 29. Bh6+ Ke8 30. Kf3 f5 31. exf5 gxf5 32. g4 Bc3 33. Rh2 Nd4+ 34. Ke3 Ba5 35. Rb2 Rc3+ 36. Kf2 Rxh3 37. Nc4 Rxh6 38. Rb8+ Bd8 39. a5 Rh2+ 40. Kg3 Ra2 41. g5 Ra4 42. a6 Rxa6 43. Kh4 Ra4 0-1

[Event "Peristeri Papanastasio 1st"]
[Site "Peristeri"]
[Date "2009.09.16"]
[Round "7.6"]
[White "Tepelenis, Nikolaos"]
[Black "Efthimiou, Georgios"]
[Result "1-0"]
[WhiteElo "2269"]
[BlackElo "1799"]
[PlyCount "137"]
[EventDate "2009.09.08"]
[EventType "swiss"]
[EventRounds "7"]
[EventCountry "GRE"]
[SourceTitle "EXT 2024"]
[Source "ChessBase"]
[SourceDate "2023.10.10"]
[SourceVersion "1"]
[SourceVersionDate "2023.10.10"]
[SourceQuality "1"]

1. d4 g6 2. c4 Bg7 3. e4 c5 4. d5 d6 5. h3 Nf6 6. Nc3 0-0 7. Nf3 Na6 8. Bd3 Nc7 9. 0-0 a6 10. a4 Bd7 11. Re1 e5 12. dxe6 Bxe6 13. Bf4 Nh5 14. Bh2 Qd7 15. Bf1 f5 16. exf5 Rxf5 17. Qxd6 Rc8 18. Qxd7 Bxd7 19. Re7 Rf7 20. Rxf7 Kxf7 21. Ne5+ Bxe5 22. Bxe5 Bc6 23. g4 Nf6 24. Bg2 Bxg2 25. Kxg2 Ne6 26. Rd1 Rd8 27. Rxd8 Nxd8 28. Kf3 Nd7 29. Bd6 Nc6 30. Ke3 Ke6 31. Ne4 b6 32. Bc7 h6 33. f4 Nd4 34. Kd3 Ke7 35. Nc3 Ke6 36. Ne4 Ke7 37. b4 Ne6 38. Bd6+ Kf7 39. bxc5 bxc5 40. a5 g5 41. Ke3 gxf4+ 42. Bxf4 Nxf4 43. Kxf4 Kg6 44. h4 Kg7 45. Kf5 Kf7 46. h5 Nb8 47. Nxc5 Nc6 48. Nxa6 Nxa5 49. c5 Nb3 50. g5 Nd4+ 51. Kg4 hxg5 52. Kxg5 Nc6 53. Nc7 Ne7 54. Nb5 Ke6 55. h6 Kf7 56. Nd4 Nd5 57. Nf5 Kg8 58. Kg6 Nf4+ 59. Kf6 Nd5+ 60. Ke5 Nb4 61. Kd6 Kh7 62. c6 Nxc6 63. Kxc6 Kg6 64. Kd6 Kh7 65. Ke6 Kg6 66. Ke5 Kh7 67. Kf6 Kg8 68. Kg6 Kh8 69. Nd6 1-0

[Event "Porto Carras op 3rd"]
[Site "Porto Carras"]
[Date "2008.07.15"]
[Round "5"]
[White "Efthimiou, Georgios"]
[Black "Karlovich, Anastazia"]
[Result "0-1"]
[WhiteElo "1841"]
[BlackElo "2242"]
[PlyCount "62"]
[EventDate "2008.07.12"]
[EventType "swiss"]
[EventRounds "9"]
[EventCountry "GRE"]
[SourceTitle "CBM 125 Extra"]
[Source "ChessBase"]
[SourceDate "2008.09.01"]
[SourceVersion "1"]
[SourceVersionDate "2008.09.01"]
[SourceQuality "1"]

1. Nf3 d5 2. d4 Bf5 3. c4 e6 4. Nc3 c6 5. e3 Nd7 6. Bd3 Bg6 7. 0-0 Ngf6 8. b3 Bd6 9. Qc2 Qb8 10. e4 dxe4 11. Nxe4 Nxe4 12. Bxe4 Nf6 13. Bd3 Bh5 14. Ne5 Bxe5 15. dxe5 Qxe5 16. Bb2 Qd6 17. Bxf6 gxf6 18. c5 Qd4 19. Qc4 Rd8 20. Qxd4 Rxd4 21. Bc4 Rg8 22. Kh1 Rg5 23. f3 Rxc5 24. Rfd1 Rxd1+ 25. Rxd1 b5 26. Bd3 Rd5 27. Bc2 Bg6 28. Rxd5 exd5 29. Bd1 c5 30. g4 c4 31. f4 Bb1 0-1

[Event "Peiraikos 60th Anniv op"]
[Site "Piraeus"]
[Date "2006.09.08"]
[Round "7"]
[White "Mylonas, Konstantinos"]
[Black "Efthimiou, Georgios"]
[Result "1-0"]
[WhiteElo "1475"]
[BlackElo "1893"]
[PlyCount "79"]
[EventDate "2006.09.02"]
[EventType "swiss"]
[EventRounds "7"]
[EventCountry "GRE"]
[SourceTitle "EXT 2008"]
[Source "ChessBase"]
[SourceDate "2007.11.25"]
[SourceVersion "1"]
[SourceVersionDate "2007.11.25"]
[SourceQuality "1"]

1. d4 Nf6 2. Bg5 e6 3. e4 h6 4. Bxf6 Qxf6 5. c3 d6 6. Bd3 c5 7. Nf3 cxd4 8. cxd4 Nc6 9. Nc3 a6 10. 0-0 Bd7 11. d5 Ne5 12. Nxe5 dxe5 13. Rc1 b5 14. Qe2 Bd6 15. Rfd1 b4 16. dxe6 fxe6 17. Bxa6 Bc5 18. Nb5 Bxf2+ 19. Qxf2 Qxf2+ 20. Kxf2 0-0+ 21. Kg1 Rf7 22. Nc7 Ra7 23. Bb5 Bxb5 24. Nxb5 Rxa2 25. Nd6 Rf8 26. Nc4 g5 27. Ra1 b3 28. Rxa2 bxa2 29. Ra1 Rc8 30. Nxe5 Ra8 31. Kf2 Kg7 32. Ke3 Kf6 33. Nd3 h5 34. Nc1 Rc8 35. Nxa2 Ra8 36. Rf1+ Ke5 37. Nb4 Ra4 38. Nd3+ Kd6 39. Rc1 e5 40. Rf1 1-0

[Event "Nikaia op 14th"]
[Site "Nikaia"]
[Date "2006.08.??"]
[Round "6"]
[White "Paterakis, Alexios"]
[Black "Efthimiou, Georgios"]
[Result "1-0"]
[WhiteElo "1440"]
[BlackElo "1893"]
[PlyCount "55"]
[EventDate "2006.08.??"]
[EventType "swiss"]
[EventRounds "9"]
[EventCountry "GRE"]
[SourceTitle "EXT 2008"]
[Source "ChessBase"]
[SourceDate "2007.11.25"]
[SourceVersion "1"]
[SourceVersionDate "2007.11.25"]
[SourceQuality "1"]

1. e4 c5 2. Nf3 d6 3. c3 Nf6 4. Bb5+ Nbd7 5. e5 dxe5 6. Nxe5 a6 7. Qb3 e6 8. Bxd7+ Nxd7 9. Nxd7 Qxd7 10. 0-0 b5 11. Qd1 Bb7 12. d4 Qc6 13. f3 Rd8 14. Be3 cxd4 15. Bxd4 Bd6 16. Qe2 0-0 17. Nd2 Qc7 18. g3 Rfe8 19. Rae1 e5 20. Bf2 f5 21. Qd3 Bc5 22. Qc2 e4 23. fxe4 Bxf2+ 24. Rxf2 fxe4 25. Re3 Rd3 26. Qxd3 Rd8 27. Qe2 h6 28. Nxe4 1-0

[Event "Ambelokipi op 70th"]
[Site "Athens"]
[Date "2006.05.17"]
[Round "4"]
[White "Angelis, Ioannis"]
[Black "Efthimiou, Georgios"]
[Result "1/2-1/2"]
[WhiteElo "2060"]
[BlackElo "1854"]
[PlyCount "40"]
[EventDate "2006.05.06"]
[EventType "swiss"]
[EventRounds "7"]
[EventCountry "GRE"]
[SourceTitle "EXT 2007"]
[Source "ChessBase"]
[SourceDate "2006.11.23"]
[SourceVersion "1"]
[SourceVersionDate "2006.11.23"]
[SourceQuality "1"]

1. Nf3 Nf6 2. c4 e6 3. Nc3 b6 4. e4 d6 5. d4 Bb7 6. Bd3 Be7 7. 0-0 0-0 8. Ng5 Nc6 9. Be3 e5 10. Nf3 Ng4 11. d5 Nxe3 12. fxe3 Nb4 13. a3 Nxd3 14. Qxd3 Bc8 15. Na2 f5 16. exf5 Bxf5 17. e4 Bd7 18. Nb4 a5 19. Nc6 Qe8 20. Nxe7+ Qxe7 1/2-1/2